[Event "Remote 4 Seasons Summer-A email"]
[White "Warzecha, Helmut"]
[Black "Scherer, Andreas"]
[Site "Remote email"]
[Round "?"]
[Result "1/2-1/2"]
[Date "2014.07.15"]
[WhiteElo "2439"]
[BlackElo "2556"]
[PlyCount "45"]
[EventDate "2014.??.??"]
[EventType "tourn (corr)"]
[EventRounds "9"]
[EventCountry "GER"]
[SourceTitle "Corr 2015"]
[Source "ChessBase"]
[SourceDate "2015.07.17"]
[SourceVersion "1"]
[SourceVersionDate "2015.07.17"]
[SourceQuality "1"]

1. e4 e5 2. Nf3 Nc6 3. Bb5 a6 4. Ba4 Nf6 5. 0-0 Bc5 6. c3 0-0 7. d4 Ba7 8. dxe5 Nxe4 9. Qd5 Nc5 10. Bc2 Ne7 11. Qc4 d5 12. exd6 cxd6 13. Bg5 Re8 14. Nbd2 h6 15. Bxe7 Rxe7 16. Rae1 Be6 17. Qf4 Qc7 18. Nd4 Rae8 19. b4 Nd7 20. Nxe6 Rxe6 21. Rxe6 Rxe6 22. Bb3 Rf6 23. Qc4 1/2-1/2

[Event "Remote Easter qual email"]
[White "Faber, Hans Alban"]
[Black "Scherer, Andreas"]
[Site "Remote email"]
[Round "?"]
[Result "1/2-1/2"]
[Date "2014.03.15"]
[WhiteElo "2494"]
[BlackElo "2556"]
[PlyCount "61"]
[EventDate "2014.??.??"]
[EventType "tourn (corr)"]
[EventRounds "8"]
[EventCountry "GER"]
[SourceTitle "Corr 2015"]
[Source "ChessBase"]
[SourceDate "2015.07.17"]
[SourceVersion "1"]
[SourceVersionDate "2015.07.17"]
[SourceQuality "1"]

1. e4 e5 2. Nf3 Nc6 3. Bb5 a6 4. Ba4 Nf6 5. 0-0 Bc5 6. c3 0-0 7. d4 Ba7 8. Re1 b5 9. Bc2 d6 10. h3 Bb7 11. Be3 exd4 12. cxd4 Nb4 13. Nbd2 Nxc2 14. Qxc2 Qd7 15. a4 Rfc8 16. b4 h6 17. Nh4 Re8 18. d5 Bxe3 19. Rxe3 c6 20. dxc6 Qxc6 21. Qb2 Bc8 22. Rc1 Qb7 23. a5 Bd7 24. Qd4 Rac8 25. Rxc8 Bxc8 26. g4 Re7 27. Ng2 Be6 28. Nf4 Qc8 29. Rd3 Qc1+ 30. Kg2 Bc4 31. Rc3 1/2-1/2

[Event "Remote Easter qual email"]
[White "Scherer, Andreas"]
[Black "Kuna, Heiko"]
[Site "Remote email"]
[Round "?"]
[Result "1/2-1/2"]
[Date "2014.03.15"]
[WhiteElo "2556"]
[BlackElo "2331"]
[PlyCount "56"]
[EventDate "2014.??.??"]
[EventType "tourn (corr)"]
[EventRounds "8"]
[EventCountry "GER"]
[SourceTitle "Corr 2015"]
[Source "ChessBase"]
[SourceDate "2015.07.17"]
[SourceVersion "1"]
[SourceVersionDate "2015.07.17"]
[SourceQuality "1"]

1. d4 Nf6 2. c4 e6 3. Nc3 Bb4 4. Qc2 0-0 5. Nf3 c5 6. dxc5 Na6 7. g3 Nxc5 8. Bg2 Nce4 9. 0-0 Nxc3 10. bxc3 Bc5 11. e4 d6 12. e5 dxe5 13. Nxe5 Qc7 14. Re1 Bd6 15. Qe2 Nd7 16. Bf4 Bxe5 17. Bxe5 Nxe5 18. Qxe5 Qxc4 19. Qa5 Bd7 20. Bxb7 Rab8 21. Rab1 h6 22. Rec1 Rxb7 23. Rxb7 Bc6 24. Rc7 Qe4 25. Rxc6 Qxc6 26. c4 a6 27. c5 Rb8 28. Qc3 f6 1/2-1/2

[Event "Remote Easter qual email"]
[White "Scherer, Andreas"]
[Black "Tauscher, Karl"]
[Site "Remote email"]
[Round "?"]
[Result "1/2-1/2"]
[Date "2014.03.15"]
[WhiteElo "2538"]
[BlackElo "2406"]
[PlyCount "30"]
[EventDate "2014.??.??"]
[EventType "tourn (corr)"]
[EventRounds "8"]
[EventCountry "GER"]
[SourceTitle "Corr 2015"]
[Source "ChessBase"]
[SourceDate "2015.07.17"]
[SourceVersion "1"]
[SourceVersionDate "2015.07.17"]
[SourceQuality "1"]

1. d4 d5 2. c4 c6 3. Nf3 Nf6 4. cxd5 cxd5 5. Nc3 Nc6 6. Bf4 Bf5 7. Qb3 Na5 8. Qa4+ Bd7 9. Qc2 e6 10. a3 Be7 11. e3 Rc8 12. Bd3 Nh5 13. Be5 f6 14. g4 fxe5 15. Nxe5 Nf6 1/2-1/2

[Event "Remote 4 Seasons Winter-A email"]
[White "Scherer, Andreas"]
[Black "Doderer, Harald"]
[Site "Remote email"]
[Round "?"]
[Result "1/2-1/2"]
[Date "2014.01.15"]
[WhiteElo "2538"]
[BlackElo "2467"]
[PlyCount "39"]
[EventDate "2014.??.??"]
[EventType "tourn (corr)"]
[EventRounds "12"]
[EventCountry "GER"]
[SourceTitle "Corr 2015"]
[Source "ChessBase"]
[SourceDate "2015.07.17"]
[SourceVersion "1"]
[SourceVersionDate "2015.07.17"]
[SourceQuality "1"]

1. d4 Nf6 2. c4 e6 3. Nf3 b6 4. g3 Ba6 5. Qa4 Bb7 6. Bg2 c5 7. 0-0 cxd4 8. Nxd4 Qc8 9. Bg5 Bxg2 10. Kxg2 Nc6 11. Nxc6 Qxc6+ 12. Qxc6 dxc6 13. Nd2 h6 14. Be3 c5 15. a4 a5 16. Nb1 0-0-0 17. Nc3 Ng4 18. Nb5 Nxe3+ 19. fxe3 f6 20. Rfd1 1/2-1/2

[Event "Remote S7 Top 70 email"]
[White "Doderer, Harald"]
[Black "Scherer, Andreas"]
[Site "Remote email"]
[Round "?"]
[Result "1/2-1/2"]
[Date "2013.10.16"]
[WhiteElo "2453"]
[BlackElo "2526"]
[PlyCount "52"]
[EventDate "2013.??.??"]
[EventType "tourn (corr)"]
[EventRounds "6"]
[EventCountry "GER"]
[SourceTitle "Corr 2015"]
[Source "ChessBase"]
[SourceDate "2015.07.17"]
[SourceVersion "1"]
[SourceVersionDate "2015.07.17"]
[SourceQuality "1"]

1. e4 e5 2. Nf3 Nc6 3. Bb5 a6 4. Ba4 Nf6 5. 0-0 Bc5 6. Nxe5 Nxe5 7. d4 b5 8. Bb3 Bxd4 9. Qxd4 d6 10. f4 c5 11. Qc3 Neg4 12. e5 0-0 13. exf6 c4 14. Bxc4 Qb6+ 15. Kh1 bxc4 16. fxg7 Re8 17. h3 Bb7 18. hxg4 Re2 19. Qg3 Rxg2 20. Qxg2 Re8 21. Nd2 Bxg2+ 22. Kxg2 c3 23. bxc3 Qc6+ 24. Nf3 Qxc3 25. Rb1 Qxc2+ 26. Nd2 h5 1/2-1/2

[Event "Remote S7 Top 70 email"]
[White "Scherer, Andreas"]
[Black "Mahling, Thomas"]
[Site "Remote email"]
[Round "?"]
[Result "1/2-1/2"]
[Date "2013.10.16"]
[WhiteElo "2531"]
[BlackElo "2566"]
[PlyCount "28"]
[EventDate "2013.??.??"]
[EventType "tourn (corr)"]
[EventRounds "6"]
[EventCountry "GER"]
[SourceTitle "Corr 2015"]
[Source "ChessBase"]
[SourceDate "2015.07.17"]
[SourceVersion "1"]
[SourceVersionDate "2015.07.17"]
[SourceQuality "1"]

1. d4 d5 2. c4 c6 3. Nc3 Nf6 4. Nf3 e6 5. e3 Nbd7 6. Bd3 dxc4 7. Bxc4 b5 8. Bd3 Bb7 9. a3 Bd6 10. 0-0 0-0 11. Ng5 a5 12. b3 Qc7 13. f4 b4 14. Nce4 Be7 1/2-1/2

[Event "Remote S7 Top 74 email"]
[White "Class, Wolfgang"]
[Black "Scherer, Andreas"]
[Site "Remote email"]
[Round "?"]
[Result "1/2-1/2"]
[Date "2013.09.09"]
[WhiteElo "2448"]
[BlackElo "2526"]
[PlyCount "69"]
[EventDate "2013.??.??"]
[EventType "tourn (corr)"]
[EventRounds "6"]
[EventCountry "GER"]
[SourceTitle "Corr 2015"]
[Source "ChessBase"]
[SourceDate "2015.07.17"]
[SourceVersion "1"]
[SourceVersionDate "2015.07.17"]
[SourceQuality "1"]

1. e4 e5 2. Nf3 Nc6 3. Bc4 Nf6 4. d3 Bc5 5. c3 a6 6. 0-0 d6 7. Bb3 0-0 8. Bg5 h6 9. Bh4 g5 10. Bg3 g4 11. Bh4 gxf3 12. Qxf3 Kg7 13. Nd2 Be6 14. Nc4 Bxc4 15. Bxc4 Na5 16. Bd5 c6 17. b4 cxd5 18. exd5 Bb6 19. bxa5 Bxa5 20. Rae1 Qe7 21. Qf5 Bd8 22. f4 Qc7 23. fxe5 Nh7 24. Bg3 Qxc3 25. exd6 Bf6 26. d7 Rad8 27. Kh1 Kh8 28. Rc1 Qd2 29. Bc7 Rg8 30. g3 Rdf8 31. Bf4 Qxa2 32. Bxh6 Rd8 33. Bf4 Qe2 34. Bc7 Rg5 35. Bxd8 1/2-1/2

[Event "Remote S7 Top 74 email"]
[White "Doderer, Harald"]
[Black "Scherer, Andreas"]
[Site "Remote email"]
[Round "?"]
[Result "1/2-1/2"]
[Date "2013.09.09"]
[WhiteElo "2453"]
[BlackElo "2526"]
[PlyCount "64"]
[EventDate "2013.??.??"]
[EventType "tourn (corr)"]
[EventRounds "6"]
[EventCountry "GER"]
[SourceTitle "Corr 2015"]
[Source "ChessBase"]
[SourceDate "2015.07.17"]
[SourceVersion "1"]
[SourceVersionDate "2015.07.17"]
[SourceQuality "1"]

1. e4 e5 2. Nf3 Nc6 3. Bb5 a6 4. Bxc6 dxc6 5. 0-0 Be6 6. Nc3 Bg4 7. h3 h5 8. Re1 Qf6 9. hxg4 hxg4 10. Nxe5 Qxe5 11. Qxg4 Nf6 12. Qf5 Qh2+ 13. Kf1 Qh1+ 14. Ke2 Qxg2 15. Qf3 Qxf3+ 16. Kxf3 Bc5 17. d3 Kd7 18. Bf4 Rh3+ 19. Kg2 Rah8 20. Ne2 R3h7 21. d4 Be7 22. f3 Ne8 23. Bg3 g5 24. c3 Rh3 25. Rad1 R8h7 26. Nc1 f5 27. exf5 Nd6 28. f6 Bxf6 29. Rh1 Rxh1 30. Rxh1 Rxh1 31. Kxh1 Be7 32. Nd3 Nc4 1/2-1/2

[Event "Remote S7 Top 69 email"]
[White "Class, Wolfgang"]
[Black "Scherer, Andreas"]
[Site "Remote email"]
[Round "?"]
[Result "1-0"]
[Date "2013.09.01"]
[WhiteElo "2448"]
[BlackElo "2526"]
[PlyCount "103"]
[EventDate "2013.??.??"]
[EventType "tourn (corr)"]
[EventRounds "6"]
[EventCountry "GER"]
[SourceTitle "Corr 2015"]
[Source "ChessBase"]
[SourceDate "2015.07.17"]
[SourceVersion "1"]
[SourceVersionDate "2015.07.17"]
[SourceQuality "1"]

1. e4 e5 2. Nf3 Nc6 3. Bb5 a6 4. Ba4 Nf6 5. 0-0 Be7 6. Re1 b5 7. Bb3 d6 8. c3 0-0 9. d4 Bg4 10. Be3 exd4 11. cxd4 Na5 12. Bc2 Nc4 13. Bc1 c5 14. b3 Na5 15. d5 Nd7 16. Nbd2 Re8 17. h3 Bf6 18. Rb1 Bh5 19. Nf1 Bc3 20. Bd2 Bxd2 21. N1xd2 Rc8 22. Nf1 Nb7 23. Ng3 Bxf3 24. Qxf3 g6 25. Qe2 Nf6 26. Qd2 Qa5 27. Qh6 Qc3 28. Qc1 Nd7 29. Re3 Qf6 30. Ne2 Re7 31. Qd2 Rce8 32. Rf1 Qh8 33. Bb1 Nf6 34. Ng3 h5 35. Rfe1 Nd7 36. Nf1 Rc8 37. Rc1 Ree8 38. Nh2 Qd4 39. Qe2 c4 40. Nf3 Qb6 41. b4 a5 42. a3 axb4 43. axb4 Ra8 44. Qb2 Ra7 45. Nd4 Ne5 46. Kh2 Qd8 47. Nxb5 Ra4 48. Bc2 Qf6 49. Qc3 Ra2 50. Rf1 Rea8 51. f4 h4 52. Kg1 1-0

[Event "Remote S7 Top 69 email"]
[White "Scherer, Andreas"]
[Black "Tauscher, Karl"]
[Site "Remote email"]
[Round "?"]
[Result "1/2-1/2"]
[Date "2013.09.01"]
[WhiteElo "2526"]
[BlackElo "2411"]
[PlyCount "33"]
[EventDate "2013.??.??"]
[EventType "tourn (corr)"]
[EventRounds "6"]
[EventCountry "GER"]
[SourceTitle "Corr 2015"]
[Source "ChessBase"]
[SourceDate "2015.07.17"]
[SourceVersion "1"]
[SourceVersionDate "2015.07.17"]
[SourceQuality "1"]

1. d4 Nf6 2. c4 g6 3. Nf3 Bg7 4. Nc3 d5 5. Qb3 dxc4 6. Qxc4 0-0 7. e4 a6 8. Qb3 b5 9. e5 Nfd7 10. Be2 c5 11. dxc5 Nxc5 12. Qd5 Qxd5 13. Nxd5 Bb7 14. Nb6 Ra7 15. Be3 Ne6 16. Nc8 Ra8 17. Nxe7+ 1/2-1/2

[Event "Remote 4 Seasons Summer email"]
[White "Leisebein, Peter"]
[Black "Scherer, Andreas"]
[Site "Remote email"]
[Round "?"]
[Result "0-1"]
[Date "2013.07.01"]
[WhiteElo "2453"]
[BlackElo "2531"]
[PlyCount "102"]
[EventDate "2013.??.??"]
[EventType "tourn (corr)"]
[EventRounds "10"]
[EventCountry "GER"]
[SourceTitle "Corr 2015"]
[Source "ChessBase"]
[SourceDate "2015.07.17"]
[SourceVersion "1"]
[SourceVersionDate "2015.07.17"]
[SourceQuality "1"]

1. d4 Nf6 2. f3 d5 3. e4 dxe4 4. Nc3 exf3 5. Nxf3 c6 6. Bd3 Bg4 7. Be3 e6 8. h3 Bh5 9. Qe2 Bb4 10. 0-0 Nbd7 11. Qf2 Bg6 12. Bxg6 hxg6 13. Ng5 Bxc3 14. bxc3 Qa5 15. c4 b6 16. a4 0-0 17. Qe1 Qxe1 18. Rfxe1 Rac8 19. a5 c5 20. axb6 axb6 21. dxc5 Nxc5 22. Nf3 Ncd7 23. Ra4 Ra8 24. Rea1 Rxa4 25. Rxa4 Rc8 26. Ng5 Ne5 27. Bxb6 Nh7 28. Nxh7 Rxc4 29. Ra7 Kxh7 30. Re7 f6 31. Bc7 Nc6 32. Rxe6 Rxc2 33. Re3 Rc4 34. Bg3 g5 35. Rd3 g4 36. hxg4 Rxg4 37. Rd6 Nd4 38. Bf2 Nf5 39. Rd3 Rc4 40. Kf1 Kh6 41. Rh3+ Kg6 42. Be1 Nh6 43. Rb3 Ng4 44. Rg3 Kf5 45. Rd3 Rc1 46. Ke2 Rc2+ 47. Rd2 Rc4 48. Bg3 Ne5 49. Bxe5 fxe5 50. Kf2 Kg4 51. Re2 e4 0-1

[Event "Remote 4 Seasons Summer email"]
[White "Warzecha, Helmut"]
[Black "Scherer, Andreas"]
[Site "Remote email"]
[Round "?"]
[Result "1/2-1/2"]
[Date "2013.07.01"]
[WhiteElo "2397"]
[BlackElo "2527"]
[PlyCount "46"]
[EventDate "2013.??.??"]
[EventType "tourn (corr)"]
[EventRounds "10"]
[EventCountry "GER"]
[SourceTitle "Corr 2015"]
[Source "ChessBase"]
[SourceDate "2015.07.17"]
[SourceVersion "1"]
[SourceVersionDate "2015.07.17"]
[SourceQuality "1"]

1. e4 e5 2. Nf3 Nf6 3. d4 Nxe4 4. Nxe5 d5 5. Nd2 Bd6 6. Bd3 Bxe5 7. dxe5 Nc5 8. Nf3 Bg4 9. Be2 Nc6 10. Be3 Ne6 11. c3 Qd7 12. Qb3 Bxf3 13. Bxf3 Nxe5 14. Bxd5 Nd3+ 15. Kd2 Nb4 16. cxb4 c6 17. Rad1 cxd5 18. Kc1 Rd8 19. Bxa7 0-0 20. Kb1 d4 21. f4 Qb5 22. Qd3 Qxb4 23. f5 Nc5 1/2-1/2

[Event "Remote S7E High email"]
[White "Scherer, Andreas"]
[Black "Leisebein, Peter"]
[Site "Remote email"]
[Round "?"]
[Result "1/2-1/2"]
[Date "2013.04.15"]
[WhiteElo "2527"]
[BlackElo "2447"]
[PlyCount "71"]
[EventDate "2013.??.??"]
[EventType "tourn (corr)"]
[EventRounds "6"]
[EventCountry "GER"]
[SourceTitle "Corr 2015"]
[Source "ChessBase"]
[SourceDate "2015.07.17"]
[SourceVersion "1"]
[SourceVersionDate "2015.07.17"]
[SourceQuality "1"]

1. d4 d5 2. c4 c6 3. Nc3 e5 4. dxe5 d4 5. Ne4 Qa5+ 6. Bd2 Qxe5 7. Ng3 Nf6 8. Nf3 Qd6 9. Qc2 Be7 10. e3 dxe3 11. Bxe3 Bg4 12. Bd3 Qc7 13. Nf5 Bb4+ 14. Kf1 0-0 15. a3 Bd6 16. Nxd6 Qxd6 17. Rd1 Qc7 18. h3 Bxf3 19. gxf3 Nbd7 20. Rg1 Kh8 21. Bf5 Rad8 22. Kg2 Ne5 23. Bf4 Nh5 24. Bh2 g6 25. Qc3 f6 26. Bg4 Ng7 27. h4 h5 28. Bh3 Kh7 29. Bg3 Qe7 30. Rge1 Rxd1 31. Rxd1 Re8 32. a4 a6 33. a5 Nf5 34. Bxe5 Qxe5 35. Rd7+ Kg8 36. Qxe5 1/2-1/2

[Event "Remote S7E High email"]
[White "Tauscher, Karl"]
[Black "Scherer, Andreas"]
[Site "Remote email"]
[Round "?"]
[Result "1/2-1/2"]
[Date "2013.04.15"]
[WhiteElo "2404"]
[BlackElo "2527"]
[PlyCount "71"]
[EventDate "2013.??.??"]
[EventType "tourn (corr)"]
[EventRounds "6"]
[EventCountry "GER"]
[SourceTitle "Corr 2015"]
[Source "ChessBase"]
[SourceDate "2015.07.17"]
[SourceVersion "1"]
[SourceVersionDate "2015.07.17"]
[SourceQuality "1"]

1. e4 e5 2. Nf3 Nf6 3. Nxe5 d6 4. Nf3 Nxe4 5. d4 d5 6. Bd3 Be6 7. 0-0 Be7 8. Re1 f5 9. c3 0-0 10. Qb3 Bf7 11. Qxb7 Nd7 12. Bf4 Bd6 13. Bxd6 cxd6 14. Qb3 Rb8 15. Qc2 Re8 16. Nbd2 Nf8 17. Nf1 Ne6 18. Ne3 Nf4 19. Bf1 Bh5 20. Nd2 Re6 21. g3 Qg5 22. Nxe4 fxe4 23. h4 Qg6 24. c4 Rf8 25. Nxd5 Nxd5 26. cxd5 e3 27. Qxg6 exf2+ 28. Kh2 Rxg6 29. Re6 Rg4 30. Rxd6 g5 31. hxg5 Rxg5 32. Rc1 Bf3 33. Rh6 Bxd5 34. Rh4 Bxa2 35. Rc7 Rb8 36. Rhxh7 1/2-1/2

[Event "Remote Easter email"]
[White "Wittig, Frank"]
[Black "Scherer, Andreas"]
[Site "Remote email"]
[Round "?"]
[Result "0-1"]
[Date "2013.04.01"]
[WhiteElo "2334"]
[BlackElo "2514"]
[PlyCount "68"]
[EventDate "2013.??.??"]
[EventType "tourn (corr)"]
[EventRounds "8"]
[EventCountry "GER"]
[SourceTitle "Corr 2015"]
[Source "ChessBase"]
[SourceDate "2015.07.17"]
[SourceVersion "1"]
[SourceVersionDate "2015.07.17"]
[SourceQuality "1"]

1. d4 Nf6 2. c4 e6 3. Nc3 d5 4. Nf3 Nbd7 5. cxd5 exd5 6. Bf4 c6 7. Qc2 Be7 8. h3 b5 9. e3 a6 10. Bd3 c5 11. Ne5 c4 12. Be2 Bb7 13. 0-0 b4 14. Na4 Nxe5 15. Bxe5 0-0 16. a3 a5 17. Rfd1 Bc6 18. Nc5 Nd7 19. Nxd7 Qxd7 20. Rdc1 Ba4 21. Qd2 f6 22. Bg3 bxa3 23. bxa3 f5 24. Bf3 Bb3 25. Be5 a4 26. Kh2 Qc6 27. Qc3 Rf7 28. Bd1 Ra6 29. Bh5 g6 30. Bf3 Bd8 31. Rab1 Ba5 32. Qb2 c3 33. Qe2 Rb6 34. h4 h5 0-1

[Event "Remote S7E High-140 email"]
[White "Leisebein, Peter"]
[Black "Scherer, Andreas"]
[Site "Remote email"]
[Round "?"]
[Result "1/2-1/2"]
[Date "2013.02.23"]
[WhiteElo "2445"]
[BlackElo "2507"]
[PlyCount "43"]
[EventDate "2013.??.??"]
[EventType "tourn (corr)"]
[EventRounds "6"]
[EventCountry "GER"]
[SourceTitle "Corr 2015"]
[Source "ChessBase"]
[SourceDate "2015.07.17"]
[SourceVersion "1"]
[SourceVersionDate "2015.07.17"]
[SourceQuality "1"]

1. d4 Nf6 2. f3 d5 3. e4 dxe4 4. Nc3 exf3 5. Nxf3 a6 6. Bg5 h6 7. Bh4 e6 8. Bd3 Be7 9. Qe2 Nc6 10. 0-0-0 Nd5 11. Nxd5 exd5 12. Ne5 Be6 13. Nxc6 bxc6 14. Bxe7 Qxe7 15. h4 Rb8 16. g4 Kd7 17. c3 Rhe8 18. Rd2 a5 19. Qe5 g5 20. Qg3 gxh4 21. Qxh4 Qg5 22. Qxh6 1/2-1/2

[Event "Remote S7E High-140 email"]
[White "Scherer, Andreas"]
[Black "Doderer, Harald"]
[Site "Remote email"]
[Round "?"]
[Result "1/2-1/2"]
[Date "2013.02.23"]
[WhiteElo "2507"]
[BlackElo "2391"]
[PlyCount "38"]
[EventDate "2013.??.??"]
[EventType "tourn (corr)"]
[EventRounds "6"]
[EventCountry "GER"]
[SourceTitle "Corr 2015"]
[Source "ChessBase"]
[SourceDate "2015.07.17"]
[SourceVersion "1"]
[SourceVersionDate "2015.07.17"]
[SourceQuality "1"]

1. d4 Nf6 2. c4 e6 3. Nc3 Bb4 4. Qc2 0-0 5. Nf3 c5 6. dxc5 Na6 7. g3 Nxc5 8. Bg2 Nce4 9. Bd2 Nxd2 10. Nxd2 d5 11. 0-0 d4 12. Nce4 e5 13. c5 Bxd2 14. Nxf6+ Qxf6 15. Qxd2 Qe7 16. Rac1 Rd8 17. b4 Be6 18. b5 Rac8 19. c6 Bd5 1/2-1/2

[Event "Remote 4 Seasons Winter email"]
[White "Coche, Wilhelm"]
[Black "Scherer, Andreas"]
[Site "Remote email"]
[Round "?"]
[Result "1/2-1/2"]
[Date "2013.01.15"]
[WhiteElo "2498"]
[BlackElo "2514"]
[PlyCount "57"]
[EventDate "2013.??.??"]
[EventType "tourn (corr)"]
[EventRounds "11"]
[EventCountry "GER"]
[SourceTitle "Corr 2015"]
[Source "ChessBase"]
[SourceDate "2015.07.17"]
[SourceVersion "1"]
[SourceVersionDate "2015.07.17"]
[SourceQuality "1"]

1. d4 Nf6 2. c4 e6 3. Nf3 Bb4+ 4. Bd2 Qe7 5. g3 0-0 6. Bg2 Rd8 7. 0-0 Bxd2 8. Qxd2 d5 9. Qc2 b6 10. Rc1 c6 11. cxd5 exd5 12. e3 Bb7 13. Nc3 Nbd7 14. Rd1 Re8 15. Rac1 Rad8 16. Ne1 a5 17. Bf1 Ra8 18. Nf3 Rad8 19. Na4 g6 20. Nc3 c5 21. Bg2 Ne4 22. dxc5 Ndxc5 23. Nd4 Rc8 24. Nde2 Nxf2 25. Kxf2 Qxe3+ 26. Kf1 Ba6 27. Qd2 Qe5 28. Bxd5 Nd3 29. Kg1 1/2-1/2

[Event "Remote 4 Seasons Winter email"]
[White "Leisebein, Peter"]
[Black "Scherer, Andreas"]
[Site "Remote email"]
[Round "?"]
[Result "0-1"]
[Date "2013.01.15"]
[WhiteElo "2457"]
[BlackElo "2514"]
[PlyCount "94"]
[EventDate "2013.??.??"]
[EventType "tourn (corr)"]
[EventRounds "11"]
[EventCountry "GER"]
[SourceTitle "Corr 2015"]
[Source "ChessBase"]
[SourceDate "2015.07.17"]
[SourceVersion "1"]
[SourceVersionDate "2015.07.17"]
[SourceQuality "1"]

1. d4 Nf6 2. f3 d5 3. e4 dxe4 4. Nc3 exf3 5. Nxf3 a6 6. Bg5 h6 7. Bh4 g5 8. Bg3 Bg7 9. Qd2 Nh5 10. Be5 f6 11. Bd3 0-0 12. Bg3 e6 13. 0-0-0 Nxg3 14. hxg3 f5 15. g4 b5 16. Qe2 Nc6 17. gxf5 exf5 18. Bc4+ bxc4 19. Qxc4+ Kh7 20. Qxc6 Rb8 21. Qc4 g4 22. Ne5 Bb7 23. Rhg1 Qe7 24. Na4 Bxe5 25. dxe5 Qxe5 26. Nc5 Be4 27. Rd4 Bc6 28. Rgd1 Qe3+ 29. R4d2 Rbe8 30. a4 Bxg2 31. Nd7 c6 32. Kb1 Bd5 33. Nxf8+ Rxf8 34. Qxa6 Re8 35. Qb7+ Re7 36. Qb4 f4 37. Rd4 g3 38. Rxf4 c5 39. Qb8 g2 40. Qf8 g1Q 41. Qxe7+ Qxe7 42. Rxg1 Qe5 43. Rfg4 Be4 44. a5 h5 45. R4g3 Qd4 46. a6 Qa4 47. Ra3 Qxc2+ 0-1

[Event "Remote 4 Seasons Winter email"]
[White "Scherer, Andreas"]
[Black "Gappel, Heinz"]
[Site "Remote email"]
[Round "?"]
[Result "1/2-1/2"]
[Date "2013.01.15"]
[WhiteElo "2514"]
[BlackElo "2451"]
[PlyCount "48"]
[EventDate "2013.??.??"]
[EventType "tourn (corr)"]
[EventRounds "11"]
[EventCountry "GER"]
[SourceTitle "Corr 2015"]
[Source "ChessBase"]
[SourceDate "2015.07.17"]
[SourceVersion "1"]
[SourceVersionDate "2015.07.17"]
[SourceQuality "1"]

1. d4 e6 2. Nf3 Nf6 3. c4 b6 4. a3 Ba6 5. Qc2 Bb7 6. Bf4 c5 7. dxc5 Bxc5 8. Nc3 0-0 9. Rd1 Nc6 10. Bg3 Be7 11. e4 Nh5 12. Be2 h6 13. Bd6 Bxd6 14. Rxd6 Qe7 15. Qd2 Rad8 16. 0-0 e5 17. Rd1 Nf4 18. Bf1 Nd4 19. Rxd4 exd4 20. Nxd4 Qg5 21. g3 Ne6 22. Ndb5 Qxd2 23. Rxd2 a5 24. Be2 Bc6 1/2-1/2

[Event "Remote 4 Seasons Winter email"]
[White "Scherer, Andreas"]
[Black "Nogler, Schimun"]
[Site "Remote email"]
[Round "?"]
[Result "1-0"]
[Date "2013.01.15"]
[WhiteElo "2514"]
[BlackElo "2410"]
[PlyCount "123"]
[EventDate "2013.??.??"]
[EventType "tourn (corr)"]
[EventRounds "11"]
[EventCountry "GER"]
[SourceTitle "Corr 2015"]
[Source "ChessBase"]
[SourceDate "2015.07.17"]
[SourceVersion "1"]
[SourceVersionDate "2015.07.17"]
[SourceQuality "1"]

1. d4 d5 2. c4 e6 3. Nf3 Nf6 4. Nc3 c5 5. cxd5 Nxd5 6. e4 Nxc3 7. bxc3 cxd4 8. cxd4 Bb4+ 9. Bd2 Bxd2+ 10. Qxd2 0-0 11. Bc4 Nd7 12. 0-0 Nf6 13. Rfe1 b6 14. e5 Nd5 15. Ng5 Qe7 16. Ne4 Bb7 17. Nd6 Rad8 18. a4 Ba8 19. a5 f6 20. axb6 fxe5 21. b7 Rxd6 22. bxa8R Rxa8 23. Rxe5 Rc8 24. Bf1 Qd7 25. g3 h6 26. Qe2 Kh8 27. Bh3 Re8 28. Ra6 Nb6 29. Qb5 Qxb5 30. Rxb5 Re7 31. Rba5 Rdd7 32. d5 Nxd5 33. Bxe6 Nb4 34. Bxd7 Nxa6 35. Bf5 Nb4 36. f4 Kg8 37. Rb5 Na6 38. Bg6 Re6 39. f5 Rc6 40. Ra5 Kf8 41. Kg2 Ke7 42. Kh3 Kd8 43. Kh4 Ke7 44. g4 Rd6 45. Kh5 Kf8 46. Rb5 Ke7 47. Rb7+ Rd7 48. f6+ gxf6 49. Rxd7+ Kxd7 50. Kxh6 Nc5 51. h4 a5 52. h5 Ke7 53. Bf5 a4 54. Kg6 a3 55. Bb1 Ne6 56. h6 Nf4+ 57. Kf5 Ng2 58. h7 Nh4+ 59. Kf4 a2 60. Bxa2 Ng6+ 61. Kf5 Ne5 62. h8Q 1-0

[Event "Remote 4 Seasons Autumn email"]
[White "Dorer, Manfred"]
[Black "Scherer, Andreas"]
[Site "Remote email"]
[Round "?"]
[Result "1/2-1/2"]
[Date "2012.11.01"]
[WhiteElo "2474"]
[BlackElo "2491"]
[PlyCount "82"]
[EventDate "2012.??.??"]
[EventType "tourn (corr)"]
[EventRounds "12"]
[EventCountry "GER"]
[SourceTitle "Corr 2015"]
[Source "ChessBase"]
[SourceDate "2015.07.17"]
[SourceVersion "1"]
[SourceVersionDate "2015.07.17"]
[SourceQuality "1"]

1. e4 e5 2. Nf3 Nf6 3. d4 Nxe4 4. Bd3 d5 5. Nxe5 Nd7 6. Nxd7 Bxd7 7. 0-0 Bd6 8. c4 0-0 9. cxd5 Re8 10. Qc2 Nf6 11. Nc3 h6 12. h3 c6 13. dxc6 Bxc6 14. Bc4 Bc7 15. Qg6 Bd5 16. Bxd5 Nxd5 17. Qg4 Nf6 18. Qf3 Qd6 19. g3 Qxd4 20. Qxb7 Be5 21. Be3 Qd6 22. Qf3 Rab8 23. Rab1 Qe6 24. Kg2 a5 25. Bd2 Red8 26. Bf4 Bxf4 27. Qxf4 Qc6+ 28. Kh2 Rb4 29. Qe3 h5 30. b3 h4 31. Rbd1 Re8 32. Qd3 Re5 33. Rfe1 Rc5 34. Ne2 Re4 35. Rf1 g6 36. Qf3 Qb6 37. Kg1 Rce5 38. Rd2 Kg7 39. Qd3 Qb7 40. Nc3 Rb4 41. Qd8 Rf5 1/2-1/2